000 01019nam a2200289 u 4500
001 000025226
005 20200930023637.0
008 110211s1974 es r 001 0 spa d
020 _a8471121441
040 _aDO-SdBNP
_bspa
_cBNPHU
041 1 7 _aspa
_hfre
082 _a371.26
_bB640d
100 1 _aBonboir, Anna.
_951704
240 1 3 _aLa docimologie.
_lEspañol
245 1 3 _aLa docimología :
_bproblemática de la evaluación /
_cAnna Bonboir ; traducción Luis Hernández Alfonso.
260 _aMadrid :
_bMorata,
_c1974.
300 _a238 p ;
_c21 cm.
490 1 _aFilosofía, psicología, pedagogía
500 _aTítulo original en francés.
504 _aBibliografía : [230]-238 p.
504 _aIncluye referencias bibliográficas y notas al pie de las páginas.
650 4 _aMediciones y pruebas educativas
_92223
700 1 _aHernández Alfonso, Luis,
_etr.
_947823
830 0 _aFilosofía, psicología, pedagogía
_951705
910 _aValidado. Control de calidad BNPHU
049 _aBNGR
999 _c24719
_d24719